000 00683cab a2200217 4500
001 WB3343-31
008 090401t1997 xxu||||| |||| 00| 0 eng d
035 _a(Sirsi) u81899
041 _aeng
245 _aPressure grows to save foxhunting bill
260 _c1997
350 _a0
490 _aTimes
_v3 November 1997, 2(1)
520 _aThere is increasing pressure from Labour backbenchers for the government to allow enough parliamentary time for the Private Member`s Bill outlawing hunting with hounds.
650 _aBAN
650 _aFOX HUNTING
650 _aWILD MAMMALS (HUNTING WITH DOGS) BILL
690 _aRURAL PRACTICE
942 _n0
948 _c04/11/1997
999 _c51642
_d51642